All South Carolina Cities on a Map - Statistics

General Stats
  • This quiz has been taken 26 times
    19 since last reset
  • The average score is 38 of 472
Answers on the Map
Answers color-coded by a green-red scale on the quiz's map according to % correct below.
 
Answer Stats
City Population % Correct
Columbia 144,788
100%
Greenville 74,371
100%
Myrtle Beach 40,535
100%
Charleston 157,665
88%
North 677
88%
Rock Hill 75,798
88%
Summerville 52,625
88%
North Charleston 126,005
75%
Spartanburg 39,606
75%
Florence 40,923
63%
Hilton Head Island 38,158
63%
Mount Pleasant 95,604
63%
Sumter 42,958
63%
Anderson 30,937
50%
Clemson 18,610
50%
Darlington 6,045
50%
Lexington 25,354
50%
North Myrtle Beach 20,798
50%
Aiken 32,694
38%
Camden 8,899
38%
Five Forks 19,093
38%
Fort Mill 36,244
38%
Fountain Inn 13,786
38%
Georgetown 8,821
38%
Goose Creek 50,352
38%
Greer 46,316
38%
Irmo 12,086
38%
Laurens 9,352
38%
Newberry 10,874
38%
North Augusta 26,395
38%
Orangeburg 13,378
38%
Pelzer 1,429
38%
Simpsonville 28,078
38%
St. George 1,855
38%
West Columbia 18,418
38%
Arcadia 2,724
25%
Beaufort 14,334
25%
Central 5,339
25%
Conway 29,656
25%
Dillon 6,244
25%
Duncan 4,594
25%
Dunean 3,716
25%
Easley 27,001
25%
Folly Beach 2,084
25%
Forest Acres 10,438
25%
Furman 223
25%
Gaffney 12,546
25%
Garden City 10,820
25%
Gray Court 802
25%
Greenwood 22,667
25%
Isle of Palms 4,377
25%
James Island 12,451
25%
Mauldin 29,746
25%
Murrells Inlet 10,087
25%
Pickens 3,188
25%
Rockville 141
25%
Seneca 9,202
25%
Sullivan's Island 1,948
25%
Surfside Beach 4,368
25%
Taylors 23,686
25%
Travelers Rest 8,960
25%
Wade Hampton 20,703
25%
Walhalla 4,249
25%
West Pelzer 1,027
25%
Woodruff 5,072
25%
York 9,830
25%
Abbeville 4,870
13%
Allendale 2,496
13%
Awendaw 1,472
13%
Aynor 1,063
13%
Bamberg 2,943
13%
Barnwell 4,589
13%
Belton 4,573
13%
Berea 16,642
13%
Blacksburg 1,954
13%
Bluffton 36,146
13%
Boiling Springs 12,609
13%
Caesars Head 37
13%
Carolina Forest 26,373
13%
Cayce 13,645
13%
Centerville 6,860
13%
Chapin 1,934
13%
Cheraw 4,946
13%
Chester 5,230
13%
Chesterfield 1,351
13%
City View 1,172
13%
Clinton 7,852
13%
Clover 7,558
13%
Cowpens 2,230
13%
Edgefield 4,147
13%
Edisto 2,261
13%
Edisto Beach 1,060
13%
Forestbrook 7,450
13%
Fripp Island 753
13%
Gantt 15,057
13%
Gaston 1,641
13%
Golden Grove 3,084
13%
Great Falls 1,926
13%
Hampton 2,602
13%
Hanahan 21,983
13%
Hardeeville 13,862
13%
Hartsville 7,360
13%
Hollywood 5,503
13%
Homeland Park 6,944
13%
Honea Path 3,885
13%
Jackson 1,635
13%
Jamestown 73
13%
Joanna 1,375
13%
Johnsonville 1,350
13%
Ketchuptown 42
13%
Kiawah Island 2,003
13%
Ladson 16,261
13%
Lake City 5,916
13%
Lake View 759
13%
Lamar 851
13%
Lancaster 9,396
13%
Liberty 3,352
13%
Lincolnville 1,212
13%
Litchfield Beach 9,544
13%
Little River 10,457
13%
Lugoff 9,475
13%
Manning 3,832
13%
McBee 812
13%
Moncks Corner 18,359
13%
Ninety Six 2,075
13%
Northlake 3,848
13%
Pageland 2,522
13%
Parker 12,564
13%
Pawleys Island 134
13%
Pendleton 3,697
13%
Piedmont 5,786
13%
Powdersville 11,321
13%
Princeton 88
13%
Ravenel 2,688
13%
Riverview 2,215
13%
Sandy Springs 955
13%
Sans Souci 8,199
13%
Santee 814
13%
Seabrook 959
13%
Seabrook Island 2,135
13%
Socastee 24,629
13%
St. Andrews 20,953
13%
St. Stephen 1,592
13%
Union 7,988
13%
Van Wyck 1,039
13%
Walterboro 5,488
13%
Ware Place 101
13%
Welcome 7,439
13%
Wellford 3,733
13%
Whitmire 1,439
13%
Williams 97
13%
Williamston 4,285
13%
Willington 84
13%
Windsor 122
13%
Yemassee 1,127
13%
Abney Crossroads 209
0%
Adams Run 370
0%
Alcolu 426
0%
Andrews 2,530
0%
Antreville 253
0%
Arcadia Lakes 856
0%
Arial 2,024
0%
Arkwright 2,910
0%
Arthurtown 3,063
0%
Ashwood 35
0%
Atlantic Beach 418
0%
Batesburg-Leesville 5,321
0%
Baxter Village 4,355
0%
Beech Island 1,139
0%
Belvedere 5,458
0%
Ben Avon 2,334
0%
Bennettsville 7,595
0%
Bethune 337
0%
Bishopville 2,880
0%
Blackville 1,906
0%
Blenheim 107
0%
Blythewood 6,733
0%
Bonneau 433
0%
Bonneau Beach 1,543
0%
Bowman 767
0%
Boykin 134
0%
Bradley 207
0%
Branchville 969
0%
Briarcliffe Acres 568
0%
Brookdale 4,061
0%
Browntown 80
0%
Brunson 416
0%
Bucksport 583
0%
Buffalo 1,232
0%
Buford 283
0%
Burnettown 3,226
0%
Burton 7,132
0%
Calhoun Falls 1,747
0%
Cameron 374
0%
Camp Croft 1,604
0%
Campobello 766
0%
Cane Savannah 1,497
0%
Capitol View 4,161
0%
Carlisle 315
0%
Cash 645
0%
Catawba 1,225
0%
Cateechee 988
0%
Centenary 453
0%
Central Pacolet 236
0%
Cherokee Falls 28
0%
Cherryvale 3,136
0%
Chesnee 935
0%
Chickasaw Point 730
0%
Clarks Hill 125
0%
Clearwater 3,124
0%
Clemson University 6,434
0%
Clifton 861
0%
Clio 574
0%
Cokesbury 341
0%
Conestee 1,175
0%
Converse 424
0%
Coosawhatchie 37
0%
Cope 32
0%
Cordova 131
0%
Coronaca 46
0%
Cottageville 720
0%
Coward 715
0%
Cross Anchor 89
0%
Cross Hill 431
0%
Dacusville 216
0%
Dale 622
0%
Dalzell 2,949
0%
Danwood 384
0%
Daufuskie Island 636
0%
Daviston 263
0%
DeBordieu Colony 748
0%
Denmark 3,072
0%
Dentsville 15,396
0%
Donalds 324
0%
Dovesville 1,014
0%
Drayton 1,043
0%
Due West 1,292
0%
Dunbar 750
0%
East Camden 4,210
0%
East Gaffney 3,169
0%
Eastover 628
0%
East Sumter 852
0%
Edmund 1,274
0%
Ehrhardt 437
0%
Elgin 3,915
0%
Elko 140
0%
Elliott 347
0%
Elloree 548
0%
Enoree 472
0%
Estill 1,770
0%
Eureka Mill 1,732
0%
Eutawville 241
0%
Fairfax 1,389
0%
Fairforest 1,711
0%
Fair Play 578
0%
Fairview Crossroads 523
0%
Fingerville 238
0%
Finklea 404
0%
Floydale 236
0%
Foreston 66
0%
Fort Lawn 980
0%
Gadsden 1,131
0%
Gayle Mill 1,119
0%
Gifford 260
0%
Gilbert 618
0%
Gillisonville 317
0%
Glendale 173
0%
Glenn Springs 173
0%
Gloverville 2,418
0%
Govan 53
0%
Gramling 89
0%
Graniteville 2,176
0%
Greeleyville 359
0%
Green Sea 58
0%
Grover 390
0%
Hamer 735
0%
Harbor Island 310
0%
Harleyville 740
0%
Heath Springs 852
0%
Helena 571
0%
Hemingway 466
0%
Hickory Grove 469
0%
Hilda 421
0%
Hilltop 3,058
0%
Hodges 165
0%
Holly Hill 1,259
0%
Homewood 1,390
0%
Hopkins 1,962
0%
India Hook 3,794
0%
Inman 3,354
0%
Inman Mills 896
0%
Irwin 1,801
0%
Islandton 54
0%
Iva 1,191
0%
Jacksonboro 220
0%
Jefferson 788
0%
Jenkinsville 39
0%
Johnston 2,214
0%
Jonesville 815
0%
Judson 2,201
0%
Keowee Key 3,307
0%
Kershaw 2,014
0%
Kingstree 3,055
0%
Kline 142
0%
La France 915
0%
Lake Murray of Richland 7,057
0%
Lake Secession 1,209
0%
Lakewood 3,154
0%
Lake Wylie 15,177
0%
Landrum 2,792
0%
Lane 451
0%
Langley 1,718
0%
Latta 1,242
0%
Laurel Bay 5,627
0%
Lesslie 3,202
0%
Little Mountain 262
0%
Little Rock 560
0%
Live Oak 21
0%
Livingston 128
0%
Lobeco 178
0%
Lockhart 370
0%
Lodge 82
0%
Longcreek 26
0%
Loris 2,825
0%
Lowndesville 122
0%
Lowrys 184
0%
Luray 99
0%
Lydia 237
0%
Lyman 6,939
0%
Lynchburg 309
0%
Manville 812
0%
Marion 6,068
0%
Mayesville 550
0%
Mayo 1,963
0%
McClellanville 626
0%
McColl 1,976
0%
McConnells 287
0%
McCormick 1,960
0%
Meggett 1,453
0%
Modoc 576
0%
Monarch Mill 1,828
0%
Monetta 207
0%
Mount Carmel 338
0%
Mount Croghan 135
0%
Mountville 100
0%
Mulberry 230
0%
Mullins 3,846
0%
Murphys Estates 1,187
0%
Neeses 315
0%
New Ellenton 2,354
0%
Newport 4,142
0%
Newry 393
0%
Newtown 969
0%
Nichols 221
0%
Norris 754
0%
North Hartsville 3,217
0%
North Santee 528
0%
Norway 276
0%
Oak Grove 12,031
0%
Oakland 901
0%
Olanta 550
0%
Olar 206
0%
Olympia 1,301
0%
Oswego 211
0%
Pacolet 2,566
0%
Pamplico 1,061
0%
Parksville 130
0%
Patrick 286
0%
Pauline 255
0%
Paxville 225
0%
Peak 54
0%
Pelion 623
0%
Perry 209
0%
Pimlico 1,940
0%
Pine Ridge 2,921
0%
Pinewood 501
0%
Pinopolis 950
0%
Plum Branch 82
0%
Pomaria 132
0%
Port Royal 16,507
0%
Privateer 2,294
0%
Promised Land 127
0%
Prosperity 1,244
0%
Quinby 895
0%
Rains 40
0%
Red Bank 10,950
0%
Red Hill 16,480
0%
Reevesville 197
0%
Reidville 1,842
0%
Rembert 199
0%
Richburg 271
0%
Ridgeland 3,744
0%
Ridge Spring 588
0%
Ridgeville 1,234
0%
Ridgeway 255
0%
Roebuck 3,468
0%
Rowesville 251
0%
Ruby 322
0%
Russellville 273
0%
Salem 127
0%
Salley 351
0%
Saluda 3,061
0%
Sangaree 8,517
0%
Saxon 4,139
0%
Scotia 159
0%
Scranton 656
0%
Sellers 146
0%
Seven Oaks 15,990
0%
Sharon 470
0%
Sheldon 536
0%
Shell Point 2,005
0%
Shiloh 165
0%
Silverstreet 169
0%
Six Mile 761
0%
Slater-Marietta 1,934
0%
Smoaks 98
0%
Smyrna 55
0%
Snelling 253
0%
Society Hill 426
0%
South Congaree 2,392
0%
Southern Shops 3,985
0%
South Sumter 1,808
0%
South Union 333
0%
Springdale 5,178
0%
Springfield 437
0%
Starr 174
0%
Startex 417
0%
Stateburg 1,859
0%
St. Charles 94
0%
St. Matthews 1,834
0%
Stuckey 189
0%
Summerton 781
0%
Summit 460
0%
Swansea 771
0%
Sycamore 143
0%
Tamassee 67
0%
Tatum 70
0%
Tega Cay 14,294
0%
The Cliffs Valley 813
0%
Tigerville 1,955
0%
Timmonsville 2,117
0%
Tradesville 74
0%
Trenton 409
0%
Troy 87
0%
Turbeville 743
0%
Ulmer 59
0%
Unity 655
0%
Utica 1,529
0%
Valley Falls 7,249
0%
Vance 124
0%
Varnville 1,630
0%
Wagener 691
0%
Wallace 669
0%
Ward 124
0%
Ware Shoals 1,716
0%
Warrenville 925
0%
Waterloo 156
0%
Watts Mills 2,250
0%
Wedgefield 1,480
0%
Westminster 2,439
0%
West Union 389
0%
White Knoll 7,865
0%
Whitney 3,659
0%
Wilkinson Heights 1,853
0%
Williston 2,879
0%
Winnsboro 3,279
0%
Winnsboro Mills 1,426
0%
Wisacky 175
0%
Woodfield 9,901
0%
Woodford 156
0%
Wyboo 3,582
0%
Zion 77
0%
No matching quizzes found
Score Distribution
Percent of People with Each Score
Percentile by Number Answered
Your Score History
You have not taken this quiz since the last reset